Communication Systems Engineering (Record no. 1909)

MARC details
000 -LEADER
fixed length control field 00358nam a2200145Ia 4500
008 - FIXED-LENGTH DATA ELEMENTS--GENERAL INFORMATION
fixed length control field 191201s2004 xx 000 0 und d
082 ## - DEWEY DECIMAL CLASSIFICATION NUMBER
Classification number 621.381
Item number PRC
100 ## - MAIN ENTRY--PERSONAL NAME
Personal name PROAKIS, John G
245 #0 - TITLE STATEMENT
Title Communication Systems Engineering
250 ## - EDITION STATEMENT
Edition statement 2nd
260 ## - PUBLICATION, DISTRIBUTION, ETC. (IMPRINT)
Place of publication, distribution, etc N.Delhi
Name of publisher, distributor, etc Pearson Education
Date of publication, distribution, etc 2004
300 ## - PHYSICAL DESCRIPTION
Extent 801
650 ## - SUBJECT ADDED ENTRY--TOPICAL TERM
Topical term or geographic name as entry element B.Tech(ECE)
942 ## - ADDED ENTRY ELEMENTS (KOHA)
Source of classification or shelving scheme Dewey Decimal Classification
Koha item type Text Books
Holdings
Withdrawn status Lost status Source of classification or shelving scheme Damaged status Not for loan Collection code Home library Current library Date acquired Source of acquisition Cost, normal purchase price Bill Number Total Checkouts Full call number Acc. no. / Barcode Date last seen Bill Date Koha item type Shelving location Currency Date last borrowed Actual Cost, discounted price
    Dewey Decimal Classification     B.Tech(ECE) PIET C-LIBRARY PIET C-LIBRARY 05/09/2006 M/s UBS, Delhi 250.00 125382   621.381 PRC 3498 04/12/2019 23/08/2005 Text Books        
    Dewey Decimal Classification     B.Tech(ECE) PIET C-LIBRARY PIET C-LIBRARY 24/01/2020 Kriti Prakashan, New Delhi 759.00 IN 5956 2 621.3811 PRC 31543 11/02/2021 03/01/2020 Text Books General Stacks IN Rupees 03/02/2021 516.00
    Dewey Decimal Classification     B.Tech(ECE) PIET C-LIBRARY PIET C-LIBRARY 24/01/2020 Kriti Prakashan, New Delhi 759.00 IN 5956 1 621.3811 PRC 31544 10/04/2024 03/01/2020 Text Books General Stacks IN Rupees 26/03/2024 516.00
    Dewey Decimal Classification     B.Tech(ECE) PIET C-LIBRARY PIET C-LIBRARY 24/01/2020 Kriti Prakashan, New Delhi 759.00 IN 5956 1 621.3811 PRC 31545 14/03/2024 03/01/2020 Text Books General Stacks IN Rupees 12/03/2024 516.00
    Dewey Decimal Classification     B.Tech(ECE) PIET C-LIBRARY PIET C-LIBRARY 24/01/2020 Kriti Prakashan, New Delhi 759.00 IN 5956 1 621.3811 PRC 31546 26/03/2024 03/01/2020 Text Books General Stacks IN Rupees 12/03/2024 516.00
    Dewey Decimal Classification     B.Tech(ECE) PIET C-LIBRARY PIET C-LIBRARY 24/01/2020 Kriti Prakashan, New Delhi 759.00 IN 5956   621.381 PRC 31547 24/01/2020 03/01/2020 Text Books General Stacks IN Rupees   516.00
    Dewey Decimal Classification     B.Tech(ECE) PIET C-LIBRARY PIET NCR College Library 05/09/2006 M/s UBS, Delhi 250.00 125382   621.381 PRC 3499 07/11/2024 23/08/2005 Text Books        

Design & Developed by: PIET Central Library
R70 Miles Stone Pattikalyana Samalkha Panipat 132102
mail ID :- [email protected], Phone No:- 0180-2569700 Ex.216